000 00494nam a22001697a 4500
005 20240816071226.0
008 240816b |||||||| |||| 00| 0 eng d
020 _a0406863075
041 _aEnglish
082 _a349 SOU
100 _lEnglish
245 _aThe All England Law Reports: Annual Review 1988
260 _aLondon:
_bButterworth and Company Ltd,
_c1988
300 _bxxxi, 344 pages;
_c25 cm.
650 _aLegal practice
_bLaw
942 _cBK
_6ALISON_BN_VRIES
999 _c2585
_d2585